00615nam a2200181Ia 4500008004100000041000800041082001500049100001200064245001900076260003300095300002600128365001600154500001000170700001200180906003500192999001900227952018700246230718s9999 xx 000 0 und d aeng a005.4bSHA aShah P. aDOS 6.2 Manual c1994bJaico Publishing House a437dRef 224 C (3897) cRs.b115.00 a224 C aShah P. dB:227323-Sep-1994cCOMPb17.25 c292792d292792 00102ddc3Ref 224 C (3897)4073aCCEPbCCEPd1994-11-11eTechnical Book ServicesfCOMPg97.75i2273o005.4pCCEP-BK-3897r2023-07-18 00:00:00t17.25v115.00w1994-09-23yBKz003897